Dictionary of Science And Technology (Record no. 609182)

000 -LEADER
fixed length control field 00284nam a22001217a 4500
040 ## - CATALOGING SOURCE
Transcribing agency SCME
082 ## - DEWEY DECIMAL CLASSIFICATION NUMBER
Classification number 603
Author Mark A1681A
100 ## - MAIN ENTRY--PERSONAL NAME
Personal name Morris
9 (RLIN) 122736
245 ## - TITLE STATEMENT
Title Dictionary of Science And Technology
260 ## - PUBLICATION, DISTRIBUTION, ETC.
Place of publication, distribution, etc. New York
Name of publisher, distributor, etc. Academic Press
Date of publication, distribution, etc. 1992
300 ## - PHYSICAL DESCRIPTION
Extent 2398p.
942 ## - ADDED ENTRY ELEMENTS (KOHA)
Source of classification or shelving scheme
Koha item type Book
Holdings
Withdrawn status Lost status Source of classification or shelving scheme Damaged status Not for loan Permanent Location Current Location Shelving location Date acquired Full call number Barcode Date last seen Price effective from Koha item type
          School of Chemical & Materials Engineering (SCME) School of Chemical & Materials Engineering (SCME) Reference 05/20/2024 603 A1681A SCME-48 05/20/2024 05/20/2024 Book
© 2023 Central Library, National University of Sciences and Technology. All Rights Reserved.